000 00607nam a22002297a 4500
003 OSt
005 20240530110423.0
008 150315b us ae g 001 0 eng d
020 _a9780321637819
020 _a032163781
040 _aEG-CaGPL
_cEG-CaGPL
082 0 4 _221
_a541.28\
_bE Q
100 1 _aEngel , Thomas
245 1 0 _aQuantum Chemistry & Spectroscopy /
_cThomas Engel
250 _aed. 2
260 _aNew York :
_bPearson Prentice Hall ,
_c2010 .
300 _a489 p. :
_bill. ;
_c30 cm.
650 0 _aChemistry
650 0 _aQUANTUM
942 _2ddc
_cBK
999 _c60690
_d60690